Times por Escudo - Eredivisie 23/24 - Statistics

Estatísticas Gerais
  • Esse quiz foi jogado 65 vezes
  • A pontuação média é 8 de 18
Estatísticas das Respostas
Imagem Resposta % Correto
Ajax
94%
PSV
89%
Vitesse
89%
AZ Alkmaar
84%
Twente
73%
Feyenoord
66%
Utrecht
44%
Sparta Rotterdam
40%
Heerenveen
35%
Excelsior
31%
PEC Zwolle
31%
Fortuna Sittard
29%
Go Ahead Eagles
27%
Heracles
26%
FC Volendam
23%
Nijmegen
16%
Almere City
15%
RKC Waalwijk
11%
Nenhum quiz correspondente encontrado
Distribuição das Pontuações
Porcentagem de Pessoas com Cada Pontuação
Percentil de Números Respondidos
Sua Pontuação Histórica
Você não jogou esse quiz